LEADER 01235nam a2200277 u 4500 001 000000011095 003 CaOOAMICUS 005 20070226105405.0 008 941010s1965 fr u000 u fre u 035 $a10273633 040 $aPUL$bita 041 1 $afre$hger 100 1 $aLotz, Johannes Baptist,$cS.I.,$d1903-1992.$0(OLS)http://pul/name/3590 245 13$aLe jugement et l'être :$bles fondements de la métaphysique /$cpar Johannes B. Lotz ; traduit de l'allemand par R. Givord. 260 $aParis :$bBeauchesne,$c1965. 300 $a256 p. ;$c23 cm 490 1 $aBibliothèque des Archives de philosophie.$aNouv. sér. ;$v2 650 4$aMetafisica.$0(OLS)http://pul/subject/433 700 1 $aGivord, R.$0(OLS)http://pul/name/10746 830 0$aBibliothèque des Archives de philosophie.$nNouv. sér ;$v2.$0(OLS)http://pul/title/16086 850 $aPUL 852 $aPUL$W1$xDP1 Fondo Giannini$y60$m1554 G 29$j15711$nBK-PRI$b $qFondi$B15711$CPULBib$Z2$F15711 $H $81 941 1 $a1 961 $aINV: F.GIANNINI 996 $6245$aLe jugement et l'être :$bles fondements de la métaphysique$9(OLS)http://pul/title/16129 996 $6260$aParis :$bBeauchesne$9(OLS)http://pul/publisher/48115 LEADER 01431nam a2200349 a 4500 001 000000173536 003 CaOOAMICUS 005 20200605122947.0 008 200605s2019 it u000 u ita r 020 $a978-88-28-80751-3* 032 $aLibriCat 040 $aPUL$bita 082 04$a345.4502 110 1 $aItalia.$0(OLS)http://pul/name/1188 240 10$aCodice penale (2019).$0(OLS)http://pul/title/213534 245 10$aCodice penale :$bannotato con la giurisprudenza /$cGiorgio Lattanzi. 250 $a15a ed. 260 $aMilano :$bGiuffrè Francis Lefebvre,$c©2019. 300 $aXXXIV, 2759 p. ;$c25 cm 490 1 $aPercorsi Giuffrè 500 $aContiene indice analitico. 630 04$aCodice penale$zItalia.$0(OLS)http://pul/subject/12325 700 1 $aLattanzi, Giorgio.$0(OLS)http://pul/name/51063 830 0$aPercorsi (Giuffrè).$0(OLS)http://pul/title/132978 850 $aPUL 852 $aPUL$W1$xDP2 Diritto e Scienze Sociali 3$y110$m348. 45 COD 5.52$j197534$qDDC 21$B202319$CPULBib$Z2$F202319 $H134025 $82 941 1 $a9 996 $6020$a978-88-28-80751-3*$9(OLS)http://pul/number/167535 996 $6082$a345.4502$9(OLS)http://pul/classification/2020 996 $6245$aCodice penale :$bannotato con la giurisprudenza$9(OLS)http://pul/title/89467 996 $6260$aMilano :$bGiuffrè Francis Lefebvre$9(OLS)http://pul/publisher/86917